ბათუმის შოთა რუსთაველის სახელმწიფო უნივერსიტეტის ბიბლიოთეკა

ვეფხისტყაოსანი : (ბიბ.ჩანაწერი № 50931)

000 -ლიდერი
ფიქსირებული სიგრძის საკონტროლო ველი 01016nam a2200241Ia 4500
001 - საკონტროლო ნომერი
საკონტროლო ველი 17886
003 - საკონტროლო ნომრის იდენტიფიკატორი
საკონტროლო ველი GE_BSU
005 - ბოლო ოპერაციის თარიღი და დრო
საკონტროლო ველი 20200227155537.0
008 - ფიქსირებული სიგრძის მონაცემთა ელემენტები - ზოგადი ინფორმაცია
ფიქსირებული სიგრძის საკონტროლო ველი 181216s1986 xx |||||||||||||| ||geo||
040 ## - კატალოგიზაციის წყარო
Transcribing agency GE_BSU
041 ## - ენის კოდი
Language code of text/sound track or separate title geo
080 ## - უნივერსალური ათობითი კლასიფიკაციის ინდექსი
Universal Decimal Classification number 821.353.1–13 რ–93
100 ## - მთავარი ჩანაწერი - პიროვნების სახელი
Personal name რუსთაველი, შოთა.
9 (RLIN) 3634
245 ## - ცნობა სათაურის შესახებ
Title ვეფხისტყაოსანი :
Remainder of title პოემა /
Statement of responsibility, etc რუსთაველი შოთა ; რედ. თ.დაუშვილი ; მხატვ. ზ. ფორჩხიძე.
264 ## - წარმოების, გამოცემის, დისტრიბუციის და სხვა ცნობები
გამოცემის, წარმოების, დისტრიბუციის... ადგილი თბილისი :
გამოცემის, წარმოების, დისტრიბუციის... სახელწოდება საბჭ. საქართველო,
გამოცემის, წარმოების, დისტრიბუციის... თარიღი 1986
300 ## - ფიზიკური აღწერა
Extent 286 გვ.:
Dimensions 19 სმ.
653 ## - INDEX TERM--UNCONTROLLED
Uncontrolled term ვეფხისტყაოსანი
653 ## - INDEX TERM--UNCONTROLLED
Uncontrolled term პოემა
653 ## - INDEX TERM--UNCONTROLLED
Uncontrolled term ქართული ლიტერატურა
700 ## - ADDED ENTRY--PERSONAL NAME
Personal name დაუშვილი, თ
Relator term რედაქტორი
9 (RLIN) 5376
700 ## - ADDED ENTRY--PERSONAL NAME
Personal name ფორჩხიძე, ზ
Relator term მხატვარი
9 (RLIN) 4289
942 ## - ADDED ENTRY ELEMENTS (KOHA)
Koha item type წიგნი
Source of classification or shelving scheme
ეგზემპლარები
ჩამოწერის სტატუსი დაკარგული ეგზემპლარის სტატუსი კლასიფიკაციის წყარო ან თაროზე გაწყობის სქემა დაზიანების სტატუსი არ გაიცემა მუდმივი მდებარეობა (დაცვის ადგილი) ამჟამინდელი ადგილსამყოფელი თაროზე განთავსების ადგილი შეძენის თარიღი ღირებულება, შესყიდვის ნორმალური ფასი სრული შენახვის შიფრი შტრიხკოდი ბოლო ოპერაციის თარიღი ეგზემპლარის მიმდევრობითი ნომერი (კეტერი?) ფასის ძალაში შესვლის თარიღი ეგზემპლარის სახეობა საჯარო შენიშვნა
          ბათუმის შოთა რუსთაველის სახელმწიფო უნივერსიტეტის მთავარი ბიბლიოთეკა ბათუმის შოთა რუსთაველის სახელმწიფო უნივერსიტეტის მთავარი ბიბლიოთეკა წიგნსაცავი 2018-12-17 2.00 821.353.1–13 რ–93 45832 2018-12-17 45832 2018-12-17 წიგნი 2 ლ. 60თ.